000 00779nam a2200169 a 4500
008 120921s1998 ||||||||||||||||| || u
050 _aRJ 216 COM
110 _aWorld Health Organization (WHO)
245 1 0 _aComplementary feeding of young children in developing countries: a review of current scientific knowledge.
_cby World Health Organization
260 _aGeneva:
_bWHO
_c1998
300 _aix, 228p.: ill.
500 _aOrange Trunk Library Collection (WHO).
650 _aFEEDING BEHAVIOUR
650 _aCHILDREN--NUTRITION--DEVELOPING COUNTRIES
650 _aNUTRITION OF INFANTS
995 _aMEDICAL LIBRARY OPEN ACCESS
_e901902
_FCBU-SCHOOL OF MEDICINE LIBRARY (Ndola)
_jOTL RJ 216 Com (BOX 7)
_M1
_UAVAILABLE
_WOct 22, 2012
_y901902
_ZMedical Library Open Access Collection
999 _c31107
_d31107